000 00267nam a22001097a 4500
008 240709b |||||||| |||| 00| 0 eng d
100 _aPunjwani, Ram
_916727
245 _aAnokha Aajmooda
260 _aBombay:
_bLok Sewa Mandal;
_c1968.
300 _a168p.
942 _cBK
999 _c39799
_d39799